1146 1807 1810 1324 1688 1468 1075 1122 1855 1123 1586 1852 1797 1430 1545 1229 1767 1179 1381 1877 1337 1920 1786 1370 1152 1499 1036 1395 1445 1232 1206 1683 1498 1550 1366 1948 1771 1115 1910 1196 1979 1802 1046 1848 1021 1482 1542 1201 1026 1919 1177 1095 1734 1504 1695 1706 1396 1689 1703 1934 1617 1953 1580 1199 1905 2000 1985 1029 1304 1361 1233 1673 1574 1071 1900 1001 1420 1676 1107 1607 1994 1094 1700 1697 1657 1003 1125 1520 1038 1976 1596 1454 1931 1015 1005 1050 1228 1978 1268 BCNSPRNW ULIB Ver.6.0+V

เปลี่ยนเป็นภาษาไทย

Change to English
 แสดงรายละเอียดบรรณานุกรม
  กลับหน้าหลัก

Brief Record : Get Marc (ISO 2709) : E-mail record : QR code < ปิดหน้าต่าง
LEADER : 00000nam 2200000uu 4500
001    13399113508
003     ULIB
008    111123s2553||||th 000 0 tha d
020    ^a9786167123479
090    ^aนว.^bช253ว 2553
100 0  ^aชลิมา
245 00 ^aวังวนหัวใจกลไกแห่งรัก/^cชลิมา
250    ^aพิมพ์ครั้งที่ 1
260    ^aกรุงเทพฯ :^bGreen Mind,^c2553
300    ^a376 หน้า
710 1  ^aGreen Mind
945    ^p249^l0^i17051
995    ^aกัณชพร
999    ^aใช้งานได้ทุกระบบ
รายการนี้ยังไม่มีแท็ก
คุณยังไม่ได้ล็อกอิน คุณสามารถมีกิจกรรมร่วมกับเว็บไซต์ได้ แต่ต้องล็อกอินก่อน ::
  ล็อกอิน

รายการสื่อสารสนเทศ

ลำดับที่ ประเภท เลขเรียก/บาร์โค้ด สถานที่ สถานะ
1. นวนิยาย
นวนิยาย
นว. ช253ว 2553  
  Barcode: 17051
ห้องสมุดวิทยาเขตสวรรค์ประชารักษ์
►นวนิยาย
บนชั้น
  ขอยืม

BibComment


ยังไม่เคยถูกคอมเมนท์

คอมเมนท์ทรัพยากรรายการนี้
  คอมเมนท์: วังวนหัวใจกลไกแห..


 Copyright 2026. Bcnsprnw @Library